Представление документа в формате RUSMARC

ПолеНазваниеЗначение
  Тип записи a
  Библиографический уровень m
001 Контрольный номер SKBR/793b292d-f150-42a7-bfa2-8088d270f2b5
005 Дата корректировки 20211223152555.8
010 Индекс ISBN __
a ISBN 978-5-9614-6705-5
b Уточнения в пер.
b Уточнения рус.
9 Тираж 1500 экз.
d Цена 730-40
010 Индекс ISBN __
a ISBN 978-0-3933-1072-6
b Уточнения англ.
035 Другие системные номера __
a Идентификатор записи DITM\BIBL\0001050546
100 Данные общей обработки __
a Данные общей обработки 20170314d2020 m y0rusy028902 ca
101 Язык документа 1_
a Язык текста rus
c Язык оригинала eng
102 Страна публикации __
a Страна публикации RU
105 Кодированные данные (монография) __
a Кодированные данные (монография) a z 000yy
181 Поле кодированных данных: вид содержания _0
a Код вида содержания (ISBD) i
182 Поле кодированных данных: тип средства _0
a Код типа средства (ISBD) n
200 Заглавие и сведения об ответственности 1_
a Заглавие Как лгать при помощи статистики
f Первые сведения об ответственности Дарелл Хафф
g Последующие сведения об ответственности перевод с английского: [Е. Лалаян]
g Последующие сведения об ответственности иллюстрации Ирвинга Гейса
203 Вид содержания и тип средства __
a Вид содержания Текст
c Тип средства непосредственный
205 Сведения об издании __
a Основные сведения об издании 4-е издание
210 Выходные данные 1_
a Место издания Москва
c Издательство Альпина Паблишер
d Дата издания 2020
215 Физическое описание __
a Объем 162 с.
c Иллюстрации/тип воспроизводства ил.
d Формат 22 см
330 Аннотация __
a Аннотация В этой всемирно известной книге Дарелл Хафф рассказывает о различных способах злоупотребления статистикой в целях обмана аудитории и манипулирования ее мнением. Каждый день на вас пытаются повлиять, чтобы сподвигнуть на покупку какого-то «нужного» продукта или на выбор «правильного» кандидата: «Благодаря пасте “Чистые зубы” образование кариеса снижается на 23%!»; «Политика N поддерживает 85% граждан»... Как понять, насколько достоверны те или иные данные? Каким образом происходят подсчеты? Что учитывается, а что остается за кадром? Ответы на эти и многие другие вопросы вы найдете в этой книге. Почему книга достойна прочтения Это первая и единственная книга, написанная легким языком, на тему статистических исследований. Из этой книги вы узнаете, как на самом деле проводятся опросы, как выбирается средний показатель, насколько репрезентативна выборка. Автор раскрывает секретные инструменты статистиков и вооружает читателя знаниями, которые помогут разобраться во всех хитросплетениях этой науки и не позволят ввести в заблуждение.
454 Оригинал _0
1 2001
a How to lie with statistics
f Darrell Huff
1 700 1
a Huff
b D.
g Darrell
606 Тематические рубрики 1_
a Основная рубрика Статистика
606 Тематические рубрики 1_
a Основная рубрика Общие вопросы статистики
610 Ключевые слова 0_
a Ключевые слова статистические данные
610 Ключевые слова 0_
a Ключевые слова манипулирование общественным сознанием
610 Ключевые слова 0_
a Ключевые слова общественное сознание
610 Ключевые слова 0_
a Ключевые слова ложная информация
610 Ключевые слова 0_
a Ключевые слова воздействие рекламы
610 Ключевые слова 0_
a Ключевые слова ложные факты
610 Ключевые слова 0_
a Ключевые слова популярная статистика
610 Ключевые слова 0_
a Ключевые слова ложная статистика
686 Индексы других классификаций __
a Классификационный индекс 65.051
2 Код системы rubbks
700 Автор _1
a Фамилия Хафф
b Имя Д.
g Полное личное имя Дарелл
4 Код отношения 070
702 Вторичная интеллектуальная ответственность _1
a Фамилия Гейс
b Имя И.
g Полное личное имя Ирвинг
4 Код отношения 440
702 Вторичная интеллектуальная ответственность _1
a Фамилия Лалаян
b Имя Е. А.
4 Код отношения 730
g Полное личное имя Елена А.
801 Источник записи _0
a Страна RU
b Организация Свердловская ОУНБ
c Дата составления 20180904
g Правила каталогизации PSBO
801 Источник записи _1
a Страна RU
b Организация Свердловская ОУНБ
c Дата составления 20180904
g Правила каталогизации PSBO
852 Данные о местонахождении __
i Авторский знак Х 26
j Шифр хранения 65.051
900 Макрообъекты __
a Макрообъекты Как лгать при помощи статистики, 2018
901 Тип документа __
a Ответственный КиК/Котельникова
t Тип документа m
903 Характеристики (МАРС) __
a Дата передачи 20211129
c Наименование библиотеки (МАРС) Муниципальное бюджетное учреждение культуры "Централизованная библиотечная система" г. Сургут (Центральная городская библиотека им. А. С. Пушкина)
969 Тип издания __
a Тип издания научно-популярное издание
990 Данные о заказе (DOS) __
j Количество экземпляров (DOS) 3
t N записи в КСУ для И/У (DOS) 202111